01287cam a2200325 a 450000100090000000300040000900500170001300800410003001000170007102000180008804000180010604300120012405000210013610000250015724500570018226000410023930000400028044000510032050000590037152100070043052600090043765000820044665000740052865000890060265100740069190600450076594200200081099900170083095201140084713899759OSt20140310184439.0050315s2007 nyuab j b 001 0 eng  a 2005007524 a9780516236285 aDLCcDLCdDLC an-usm--00aF 354b.K46 20071 aKent, Deborah.9638314aThe great Mississippi flood of 1927 /cDeborah Kent. aNew York :bChildren's Press,c2007. a48 p. :bill. (some col.) ;c25 cm. 0aCornerstones of freedom.nSecond series927373 aIncludes bibliographical references (p. 46) and index. aG9 c1020 0aFloodszMississippi RiverxHistoryy20th centuryvJuvenile literature.927374 0aMississippi RiverxHistoryy20th centuryvJuvenile literature.927375 0aFloodszMississippi River ValleyxHistoryy20th centuryvJuvenile literature.927376 0aMississippi River ValleyxHistoryy1865-vJuvenile literature.927377 a7bcbccorignewd1eecipf20gy-gencatlg 2lcccBK-SCHOLAS c34434d34434 00102lcc40aLUXbLUXcSCHOd2013-10-10l0oF 354 .K46 2007pLEX1541r2017-04-18 00:00:00t1w2013-10-10yBK